Estatísticas para Os 15 principais países com mortes por Covid19 - 20 de outubro 2021

Clique aqui para jogar o quiz

Estatísticas Gerais

  • Esse quiz foi jogado 3 vezes
  • A pontuação média é 19 de 25

Estatísticas das Respostas

país% Correto
Alemanha
100%
Argentina
100%
Brasil
100%
Colômbia
100%
Estados Unidos
100%
França
100%
Índia
100%
Indonésia
100%
Irão
100%
Itália
100%
México
100%
Peru
100%
Reino Unido
100%
Rússia
100%
Bósnia e Herzegovina
67%
Bulgária
67%
Chéquia
67%
Eslováquia
67%
Eslovénia
67%
Hungria
67%
Macedónia do Norte
33%
Paraguai
33%
Romênia
33%
África do Sul
0%
Geórgia
0%

Distribuição das Pontuações

Percentil de Números Respondidos

Porcentagem de Pessoas com Cada Pontuação

Sua Pontuação Histórica

Você não jogou esse quiz